000 00219 a2200097 4500
001 7163
100 _aKarakash, J.J
245 _aTransmission lines fitter networks
260 _a
_bMacmillan Co
_c
090 _c5932
_d5932
942 _aNUST-CAE
_cM
_c32414
999 _c242236
_d242236